Statistics for Coldest Recorded Temperatures in Africa, Oceania, South America

Click here to take the quiz!

General Stats

  • This quiz has been taken 128 times
  • The average score is 8 of 10

Answer Stats

ContinentTemperatureCountry% Correct
South America-32.8 °CArgentina
97%
Africa-20.1 °CSouth Africa
96%
Oceania-25.6 °CNew Zealand
94%
Oceania-23.0 °CAustralia
92%
South America-14.0 °CBrazil
91%
South America-25.2 °CPeru
88%
South America-11.0 °CUruguay
82%
Africa-20.4 °CLesotho
76%
Africa-23.9 °CMorocco
66%
Africa-13.8 °CAlgeria
59%

Score Distribution

Percentile by Number Answered

Percent of People with Each Score

Your Score History

You have not taken this quiz